| 000 | 01275nam0a2200337 4500 | ||
|---|---|---|---|
| 001 | RU\NLR\BIBL_A\012673079 | ||
| 005 | 20220405151138.0 | ||
| 010 |
_a978-5-04-122744-9 _91000 |
||
| 021 |
_aRU _bКН-П-21-058487 _9КН-П-21-4558 |
||
| 035 | _a(NLR Aleph) 012673079 | ||
| 090 |
_a12791039 _c12791039 |
||
| 100 | _a20211222d2021 u y0rusy50 ca | ||
| 101 | 0 | _arus | |
| 102 | _aRU | ||
| 105 | _aa|||z|||000zy | ||
| 181 | 0 |
_ai _baxxe |
|
| 182 | 0 | _an | |
| 200 | 1 |
_aМосковские стрельцы второй половины XVII - начала XVIII века _e"из самопалов стрелять ловки" _fАлексей Писарев |
|
| 203 |
_aТекст _bвизуальный _cнепосредственный |
||
| 210 |
_aМосква _cЯуза _cЭксмо _d2021 |
||
| 215 |
_a237, [2] с. _cил. _d24 |
||
| 225 | 1 | _aЛучшие воины в истории | |
| 320 | _aБиблиогр.: с. 233-237 | ||
| 333 | _a16+ | ||
| 606 | 1 |
_aСтрельцы _xИстория _z17 - нач. 18 вв. _2nlr_sh2 _3RU\NLR\AUTH\6601702866 |
|
| 686 | 1 | _aЦ52,8(2)0-13 | |
| 700 | 1 |
_aПисарев _bА. Е. _gАлексей Евгеньевич |
|
| 942 | _cBOOK | ||
| 980 | _aNB | ||